000
00270nam a2200109Ia 4500
008
190216s9999||||xx |||||||||||||| ||und||
100
_a
Hiscox Wj&Amp; James Stirling
245
0
_a
Factory Administration In Practice
260
_b
Null
_c
1956
300
_a
300p
942
_c
BK
999
_c
4656
_d
4656